| 000 | 00856nam a2200217Ia 4500 | ||
|---|---|---|---|
| 003 | Ost | ||
| 005 | 20260507075054.0 | ||
| 008 | 260507s9999||||xx |||||||||||||| ||und|| | ||
| 040 | _cfsecg | ||
| 041 | _aara | ||
| 082 | _a350 | ||
| 100 |
_aالحناوي، محمد صالح _eمؤلف |
||
| 245 | 0 |
_aقضايا ادارية معاصرة / _c محمد صالح الحناوي |
|
| 250 | _aطبعة 2 | ||
| 260 |
_aالاسكندرية: _bدار الجامعية, _c1998 |
||
| 300 |
_a307 صفحة؛ _c24 سم |
||
| 520 | _aتجد في هذا الكتاب : جودة الخدمة في المنظمات الهادفة للربح ، جودة الخدمات العامة بعض القضايا الجديدة في عالم الإدارة | ||
| 653 | _aالادارة | ||
| 700 |
_aالسيد، إسماعيل _eمؤلف ثانوي |
||
| 942 | _cكتاب | ||
| 999 |
_c42713 _d42713 |
||